Hoofdsteden van de Caraïben - Statistieken

Algemene statistieken
  • Deze quiz is 13 keer genomen
  • De gemiddelde score is 19 van 30
Antwoordstatistieken
Eiland Hoofdstad % Correct
Barbados Bridgetown
100%
Cuba Havana
100%
Jamaica Kingston
100%
Bahama's Nassau
100%
Grenada Saint George's
100%
Guadeloupe Basse-Terre
80%
Saint Kitts en Nevis Basseterre
80%
Saint Vincent en de Grenadines Kingstown
80%
Haïti Port-au-Prince
80%
Trinidad en Tobago Port of Spain
80%
Dominica Roseau
80%
Antigua en Barbuda Saint John's
80%
Puerto Rico San Juan
80%
Dominicaanse Republiek Santo Domingo
80%
Saint Lucia Castries
60%
Kaaimaneilanden George Town
60%
Aruba Oranjestad
60%
Sint Eustatius Oranjestad
60%
Amerikaanse Maagdeneilanden Charlotte Amalie
40%
Turks- en Caicoseilanden Cockburn Town
40%
Martinique Fort-de-France
40%
Bonaire Kralendijk
40%
Montserrat Plymouth
40%
Britse Maagdeneilanden Road Town
40%
Anguilla The Valley
40%
Curaçao Willemstad
40%
Saint-Barthelemy Gustavia
20%
Saint-Martin Marigot
20%
Sint-Maarten Philipsburg
20%
Saba The bottom
20%
Geen overeenkomende quizzen gevonden
Scoreverdeling
Procent van Mensen met Elke Score
Percentiel versus Aantal Correcte Antwoorden
Uw Scoregeschiedenis
U heeft deze quiz nog niet genomen